000 00746nam a2200241Ia 4500
003 GCL
008 140319s9999 xx 000 0 ara d
040 _aGCL /
_cGCL
082 0 4 _a362.7042
_bك خ
100 1 _aكونيكا, جيزلا
245 1 0 _aخدمه الجماعة فى المؤسسات /
_cكونيكا, جيزلا
700 1 _aمحمد امين سلوم
700 1 _aحسن الساعاتى (مراجعة)
300 _a355 ص
490 _aالالف كتاب
_v0
650 0 4 _aالاطفال
650 0 4 _aالخدمة الاجتماعية
650 0 4 _aالعلاج
650 0 4 _aخدمة الجماعة
650 0 4 _aالفقراء
650 0 4 _aالخدمة الاجتماعية - جمعيات
942 _2ddc
_cBK
999 _c44396
_d44396